Statistics for minnesota vikings retired numbers

Click here to take the quiz!

General Stats

  • This quiz has been taken 496 times
  • The average score is 4 of 6

Answer Stats

HintAnswer% Correct
WR#80cris carter
93%
QB#10fran tarkenton
90%
DT#88alan page
73%
DE#70jim marshall
45%
OT#77korey stringer
29%
C#53mick tingelhoff
27%

Score Distribution

Percentile by Number Answered

Percent of People with Each Score

Your Score History

You have not taken this quiz